Statistiques concernant Pays du monde - cinq minutes de sprint

Cliquez ici pour prendre le quiz!

Statistiques générales

  • Ce quiz a été pris 3 959 fois
    (3 954 depuis la dernière actualisation)
  • Le résultat moyen est 117 sur 196

Réponses sur la Carte

Les réponses sont colorées sur une échelle allant du rouge au vert en fonction du pourcentage des utilisateurs qui les ont devinées à leur premier essai. Vous pouvez retrouver ces pourcentages ci-dessous.
 

Statistiques - réponses

pays% Correct
Canada
95%
France
92%
Mexique
91%
Brésil
90%
Espagne
90%
Russie
90%
Chine
88%
Etats-Unis
88%
Italie
88%
Argentine
87%
Allemagne
86%
Inde
86%
Portugal
86%
Irlande
85%
Suède
85%
Chili
84%
Finlande
84%
Maroc
84%
Algérie
83%
Australie
83%
Islande
83%
Japon
82%
Norvège
82%
Pérou
82%
Danemark
81%
Colombie
80%
Pologne
80%
Suisse
80%
Turquie
79%
Belgique
78%
Égypte
78%
Tunisie
78%
Ukraine
78%
Bolivie
77%
Royaume-Uni
77%
Équateur
76%
Grèce
76%
Paraguay
76%
Uruguay
76%
Venezuela
76%
Iran
75%
Libye
75%
Mongolie
75%
Cuba
74%
Estonie
74%
Irak
74%
Lituanie
74%
Lettonie
73%
Panama
73%
Indonésie
71%
Pays-Bas
71%
Autriche
70%
Guyana
70%
Mali
70%
Oman
70%
République démocratique
du Congo
70%
Yémen
70%
Afrique du Sud
69%
Roumanie
69%
Congo
68%
Arabie Saoudite
67%
Biélorussie
67%
Hongrie
67%
Madagascar
67%
Suriname
67%
Costa Rica
66%
Croatie
66%
Soudan
66%
Andorre
65%
Bulgarie
65%
Haiti
65%
Honduras
65%
Corée du Sud
64%
Niger
64%
Pakistan
64%
Syrie
64%
Belize
63%
Corée du Nord
63%
Guatemala
63%
Nicaragua
63%
Laos
62%
Monaco
62%
Serbie
62%
Slovaquie
62%
Slovénie
62%
Somalie
62%
Thaïlande
62%
Albanie
61%
Israël
61%
Kazakhstan
61%
Malte
61%
Népal
61%
Nigeria
61%
Nouvelle-Zélande
61%
Bahamas
60%
Bosnie-Herzégovine
60%
Mauritanie
60%
Viêt Nam
60%
Luxembourg
59%
Qatar
59%
Tchad
59%
Vatican
59%
Guinée
58%
Jamaïque
58%
Kosovo
58%
Sénégal
58%
Togo
58%
Angola
57%
Éthiopie
57%
Moldavie
57%
Salvador
57%
Tchèquie
57%
Chypre
56%
Liban
56%
Malaisie
56%
Cambodge
55%
Kenya
55%
Afghanistan
54%
Ghana
54%
Jordanie
54%
Soudan du Sud
54%
Bénin
53%
Birmanie
53%
Macédoine
53%
Namibie
53%
Philippines
53%
Saint-Marin
53%
Arménie
52%
Géorgie
52%
Monténégro
52%
Sri Lanka
52%
Zambie
52%
Gabon
51%
Bhoutan
50%
Tanzanie
50%
Cameroun
49%
Gambie
49%
Koweït
49%
Bangladesh
48%
Cabo Verde
48%
Lesotho
48%
Taïwan
48%
Dominique
47%
Émirats arabes unis
47%
Érythrée
47%
Bahreïn
46%
Barbade
46%
Comores
46%
Liechtenstein
46%
Maldives
46%
Mozambique
46%
République dominicaine
46%
Azerbaïdjan
45%
Fidji
45%
Ouzbékistan
44%
Seychelles
44%
Brunei
43%
Côte d'Ivoire
43%
Kiribati
43%
Ouganda
43%
Tonga
43%
Zimbabwe
43%
Botswana
42%
Djibouti
42%
Grenade
42%
Île Maurice
42%
Rwanda
42%
Singapour
42%
Liberia
41%
Malawi
41%
Nauru
41%
Palaos
41%
Sainte-Lucie
41%
Turkménistan
41%
Tuvalu
41%
Antigua-et-Barbuda
40%
Eswatini
40%
Saint-Vincent-et-les-Grenadines
40%
Samoa
40%
Sao Tomé-et-Principe
40%
Vanuatu
40%
Burkina Faso
39%
Burundi
39%
Tadjikistan
39%
Guinée-Bissau
38%
Micronésie
38%
Papouasie-Nouvelle-Guinée
38%
Sierra Leone
37%
République Centrafricaine
36%
Saint-Christophe-et-Niévès
36%
Salomon
36%
Kirghizistan
34%
Guinée équatoriale
33%
Trinité-et-Tobago
33%
Timor-leste
30%
Îles Marshall
27%

Distribution des résultats

Percentile par nombre de réponses

% des personnes avec chaque résultat

Votre développement - résultats

Vous n’avez pas pris ce quiz depuis la dernière actualisation